Dopasuj miasto do państwa-Europa część 3 - Statystyki

Ogólne statystyki
  • Ten quiz został rozwiązany 701 razy
  • Średni wynik to 10 z 16
Statystyki odpowiedzi
Miasto Kraj % Poprawnych
Katowice Polska
97%
Liverpool Anglia
94%
Le Mans Francja
88%
Malmo Szwecja
86%
Bonn Niemcy
81%
Valletta Malta
75%
Liege Belgia
71%
Linz Austria
69%
Lecce Włochy
66%
Braga Portugalia
65%
Dundalk Irlandia
57%
Nowy Sad Serbia
50%
Lugo Hiszpania
40%
Kowel Ukraina
32%
Zenica Bośnia i Hercegowina
25%
Domzale Słowenia
22%
Nie znaleziono quizów pasujących do podanych kryteriów
Rozkład punktacji
Procent ludzi z każdym wynikiem
Percentyl według liczby udzielonych odpowiedzi
Twoja historia wyników
Nie rozwiązałeś tego quizu